Italian Vocab 8b Quiz Stats

 Plays Quiz not verified by Sporcle

Support Sporcle.
Go Orange.
Score 0/35 Timer 10:00
0 Plays Today
English Italian % Correct
homeless personil barbone
88.4%
800 numberil numero verde
88.4%
immigrationl'immigrazione
86%
homeless personil senzatetto
86%
to discriminatediscriminare
86%
to protectproteggere
86%
immigrantl'immigrato
81.4%
volunteeril volontario
79.1%
discriminationdiscriminazione
74.4%
incentive, stimulusl'incentivo
74.4%
incentive, stimulusl'incentivo
74.4%
to ostracizeostracizzare
74.4%
punishment, sentencela pena
74.4%
to feel at easesentirsi a proprio agio
74.4%
charitybeneficenza
72.1%
solidarityla solidarieta
72.1%
ostracisml'ostracismo
69.8%
death penaltyla pena di morte
69.8%
English Italian % Correct
solar panelsi pannelli solari
69.8%
drug addictil tossicodipendente
67.4%
to get involvedimpegnarsi
67.4%
to donatefare beneficenza
65.1%
to impose, inflictimporre
65.1%
handicapped personil disabile
62.8%
volunteer workil volontariato
62.8%
human rightsi diritti umani
60.5%
recovery, rescueil recupero
53.5%
animal shelteril rifugio
51.2%
overcrowdedsovraffollato
48.8%
social obligationl'impegno sociale
46.5%
demanding, time-consumingimpegnativo
39.5%
to get involvedcoinvolgersi
37.2%
handicapped personil portatore di handicap
32.6%
immigrant from non European countryl'extracomunitario
30.2%
reintegrationreinserimento
20.9%

You're not logged in!

Compare scores with friends on all Sporcle quizzes.
OR
Log In

From the Vault

Song Title Word Association

by DragonNo4

It's sorta like the Rorschach test, but with song titles.
Remove Ads.
Support Sporcle.
Get the best of Sporcle when you Go Orange. This ad-free experience offers more features, more stats, and more fun while also helping to support Sporcle. Thank you for becoming a member.

Show Comments

Extras

Top Quizzes Today


Score Distribution

Your Account Isn't Verified!

In order to create a playlist on Sporcle, you need to verify the email address you used during registration. Go to your Sporcle Settings to finish the process.

Report this User

Report this user for behavior that violates our Community Guidelines.

Details: